| 000 | 00737nam a2200229 a 4500 | ||
|---|---|---|---|
| 001 | 73350 | ||
| 003 | BD-RjUL | ||
| 005 | 20211209082402.0 | ||
| 008 | 170530s1946 enkabf b f001 0 eng d | ||
| 035 | _a(BD-RjUL)73568 | ||
| 040 |
_aDLC _erda _cDLM _dBD-RjUL _beng |
||
| 041 | _aeng | ||
| 082 |
_223 _a630.956 _bKEA 1946 |
||
| 100 | 1 |
_aKeen, Bernard Augustus, _d1890-1981, _9216959 |
|
| 245 | 1 | 4 |
_aThe agricultural development of the Middle East / _cby B.A. Keen. |
| 260 |
_aLondon : _bH.M. Stationery Off., _c1946. |
||
| 300 |
_axii, 126 p. : _bill. ; _c25 cm |
||
| 504 | _aIncludes bibliographical references and index. | ||
| 650 | 0 |
_aAgriculture _zAfrica. _9216960 |
|
| 650 | 0 |
_aAgriculture _zMiddle East. _9134502 |
|
| 942 |
_2ddc _cBK |
||
| 999 |
_c73350 _d73350 |
||